01179 a2200169 4500003000500000005001700005020001500022040000900037082000800046100001400054245004300068260002600111300001000137505081100147538002900958650002200987Nust20170207153513.0 a8189645455 cNust a954 aSmith,V.A aThe Early history of India,cV.A Smith aNew DelhibPragun Pub a534;p aIntroduction (Page-1) The Dynasties Before Alexander , 600To 326 (page-28) Alexander Indian Campaign (page-52) Alexander Indian Campaign :The Retreat Chronology of the Indian Campaign of Alexander the Great (Page-119) Chandragupta Maurya and Bindusara from 322 to 273 (Page-121) Asoka Maurya (Page-162) Asoka Maurya (Continued) (Page-184) The Suga , Kanva ,and andhra Dynasties (Page-208) The Indo – Greek and Indo-Parthian Dynas-Ties from about 250 B.C.to A.D. 60 (page-238) The Kushan or Indo-Scythian Dynasty (Page-263) The Gupta Empire, and The Western Satraps (Page-295) The Gupta Empire (Continued ) (Page-318) The Reign of Harsha , From A.D. 606 to 647 (Page-348) The Mediaeval Kingdoms of The North (Page-374) The Kingdoms of The Deccan (page-349) The Kingdoms of the South Epilogue (Page-456)  aAlmirah No.62 Shelf No.4 a history of India